000
00272nam a2200109 a 4500
005
20140414132115.0
008
110826s19uu xx 00 eng d
050
_a
M 398.2
_b
M99 1991
245
_a
My first storybook.
260
_a
London :
_b
Brimax,
_c
1991.
999
_c
114890
_d
114890